Statistics for General Knowledge Quiz #178

Click here to take the quiz!

General Stats

  • This quiz has been taken 46,094 times
  • The average score is 12 of 20

Answer Stats

QuestionAnswer% Correct
What card is included in 54 card decks - but not in 52 card decks?Joker
91%
What body part is sometimes called a "schnoz"?Nose
91%
What is the preferred weapon of a Jedi knight?Lightsaber
87%
What is the French equivalent of the name John?Jean
78%
From what language does the word "karaoke" come?Japanese
77%
What is a common word that means "inebriated"?Drunk
76%
Name one of the three major types of rocksIgneous, Metamorphic,
or Sedimentary
74%
What, according to a common saying, is bliss?Ignorance
72%
What country has the most murders?Brazil
55%
What is the first name of English rockers Richards and Moon?Keith
53%
What horror villain had the last name Voorhees?Jason
52%
What country has territory on 5 of the world's 13 largest islands?Indonesia
49%
Who was the son of Jor-El?Kal-El (Superman)
48%
In what city would you find a hill known as Mount Zion?Jerusalem
47%
In what province would you find Banff National Park?Alberta
41%
What musical instrument is named for John Philip Sousa?Sousaphone
41%
Which Greek letter, can also mean "a very small amount"?Iota
32%
Who wrote "White Fang" and "Call of the Wild"?Jack London
32%
Who, according to Shakespeare, said "Friends, Romans, countrymen,
lend me your ears"?
Mark Antony
30%
What country changed its state ideology from Communism to "Juche" in the 1990s?North Korea
29%

Score Distribution

Percentile by Number Answered

Percent of People with Each Score

Your Score History

You have not taken this quiz